| 000 | 00861cam a22002414a 4500 | ||
|---|---|---|---|
| 001 | 15465385 | ||
| 005 | 20180227034339.0 | ||
| 008 | 080925s2010 iaua b 001 0 eng | ||
| 010 | _a 2008042502 | ||
| 020 | _a9780073519456 (hard copy : alk. paper) | ||
| 020 | _a0073519456 (hard copy : alk. paper) | ||
| 040 |
_aDLC _cDLC _dDLC |
||
| 041 | _aeng | ||
| 080 | _a510 BEN | ||
| 082 | 0 | 0 |
_a510 BEN _222 |
| 100 | 1 | _a36 | |
| 101 | _aMAT | ||
| 245 | 1 | 0 |
_aMathematics for elementary teachers : _cAlbert B. Bennett, Jr., Laurie Burton, L. Ted Nelson. |
| 504 | _aIncludes bibliographical references and index. | ||
| 906 |
_a7 _bcbc _corignew _d1 _eecip _f20 _gy-gencatlg |
||
| 942 |
_2ddc _cBK |
||
| 999 |
_c43545 _d43545 |
||